Construir y habitar la escuela.

Збережено в:
Бібліографічні деталі
Інші автори: Marini, Guillermo (Редактор), Mondragón, Hugo (Редактор)
Формат: Книга
Опубліковано: Santiago, Chile: Centro UC Patrimonio Cultural; Ediciones UC, 2023.
Предмети:
Теги: Додати тег
Немає тегів, Будьте першим, хто поставить тег для цього запису!

MARC

LEADER 00000nam a22000007a 4500
003 CL-VaPUC
005 20240628102147.0
008 240527t2023 ||||| |||| 00| 0 eng d
999 |c 443765  |d 443763 
020 |a 978-956-14-3126-3 
040 |c Pontificia Universidad Católica de Valparaíso 
082 7 |a 727 MAR 2023  |2 23 
100 1 |a Marini, Guillermo  |e editor  |9 889075 
245 |a Construir y habitar la escuela.  
260 |a Santiago, Chile:  |b Centro UC Patrimonio Cultural;   |b Ediciones UC,   |c 2023. 
300 |a 242 páginas :  |b  ilustraciones.  
500 |a c.1 Donación de Ediciones ARQ / Correo Mauricio Silva C., 24-52024. 
583 |c 20240527  |k GC 
650 |a Construcciones escolares  |9 262671 
650 |a Arquitectura y niños  |9 889076 
650 |a Ambiente de clases   |9 328990 
700 |a Mondragón, Hugo   |e editor  |9 889077 
942 |2 ddc  |c BK 
952 |0 0  |1 0  |2 ddc  |4 0  |6 727_000000000000000_MAR_2023  |7 0  |8 A  |9 594841  |a BIBARQ  |b BIBARQ  |d 2024-05-27  |e Donación   |i 5661334  |l 2  |o 727 MAR 2023  |p 5661334  |r 2025-01-20  |s 2024-07-01  |t 1  |w 2024-05-27  |y BK  |k ARQ